[Event "GEO 68 Ch"]
[Site "?"]
[Date "2009.01.17"]
[Round "1.1"]
[White "Mchedlishvili, Mikheil"]
[Black "Arutinian, David"]
[Result "1/2-1/2"]
[WhiteElo "2619"]
[BlackElo "2586"]
[PlyCount "45"]
[EventDate "2009.??.??"]

1. d4 Nf6 2. c4 e6 3. g3 Bb4+ 4. Bd2 Be7 5. Bg2 d5 6. Nf3 O-O 7. O-O c6 8. Qc2
b6 9. Rd1 Bb7 10. b3 Nbd7 11. Nc3 Rc8 12. e4 dxe4 13. Ng5 c5 14. dxc5 Bxc5 15.
Ncxe4 Nxe4 16. Nxe4 Bxe4 17. Bxe4 f5 18. Bg2 Qe7 19. b4 Bd4 20. Bc3 Bxc3 21.
Qxc3 Rc7 22. Rac1 Rfc8 23. a3 1/2-1/2

[Event "GEO 68 Ch"]
[Site "?"]
[Date "2009.01.17"]
[Round "1.5"]
[White "Bregadze, Levan"]
[Black "Sanikidze, Tornike"]
[Result "1/2-1/2"]
[WhiteElo "2394"]
[BlackElo "2522"]
[PlyCount "64"]
[EventDate "2009.??.??"]

1. e4 e5 2. Nf3 Nc6 3. Bc4 g6 4. d4 exd4 5. Nxd4 Bg7 6. c3 Nge7 7. O-O O-O 8.
Bg5 h6 9. Nxc6 bxc6 10. Bh4 g5 11. Bg3 d5 12. Bb3 dxe4 13. Nd2 Kh8 14. h4 e3
15. Nc4 Qxd1 16. Rfxd1 exf2+ 17. Kxf2 gxh4 18. Bxc7 Be6 19. Bd6 Rfe8 20. Na5
Nf5 21. Bf4 Bxb3 22. axb3 Re6 23. Nb7 Ng3 24. Bxg3 hxg3+ 25. Kxg3 Re2 26. Rd8+
Rxd8 27. Nxd8 Rxb2 28. Nxf7+ Kg8 29. Rxa7 Rxb3 30. Kg4 Rxc3 31. Nd6 Bd4 32. Rd7
Kf8 1/2-1/2

[Event "GEO 68 Ch"]
[Site "?"]
[Date "2009.01.17"]
[Round "1.6"]
[White "Benidze, Davit"]
[Black "Azaladze, Shota"]
[Result "1/2-1/2"]
[WhiteElo "2423"]
[BlackElo "2402"]
[PlyCount "128"]
[EventDate "2009.??.??"]

1. d4 d5 2. c4 c6 3. Nf3 Nf6 4. e3 Bf5 5. Nc3 e6 6. Nh4 Bg4 7. Qb3 Qb6 8. h3
Bh5 9. g4 Bg6 10. Nxg6 hxg6 11. g5 Ng8 12. Qc2 Bb4 13. Bd2 Ne7 14. O-O-O Nd7
15. Kb1 Rh4 16. Be1 Nf5 17. Qa4 Bxc3 18. Bxc3 Qd8 19. Qb3 Rb8 20. Bd2 Nd6 21.
cxd5 exd5 22. f3 Nf8 23. Be1 Rh5 24. h4 Qb6 25. Bb4 Rd8 26. Qa3 Qc7 27. Qxa7
Ne6 28. Ba5 Qb8 29. Qb6 Rd7 30. f4 Nf5 31. Qb3 Ng3 32. Rh3 Nxf1 33. Rxf1 Qa8
34. Bc3 Qa6 35. Qd1 Qc4 36. Rhh1 Nc7 37. f5 Nb5 38. fxg6 fxg6 39. Qc2 Rd6 40.
Qf2 Nxc3+ 41. bxc3 Rh8 42. Qf7+ Kd8 43. Qxb7 Qd3+ 44. Kb2 Qd2+ 45. Kb3 Rd7 46.
Qb6+ Kc8 47. Qxc6+ Rc7 48. Qa8+ Kd7 49. Qxd5+ Kc8 50. Qa8+ Kd7 51. Qd5+ Kc8 52.
Qe6+ Kd8 53. Qd6+ Kc8 54. Rf8+ Rxf8 55. Qxf8+ Kb7 56. Qb4+ Ka8 57. Qa3+ Kb8 58.
Qf8+ Ka7 59. Qa3+ Kb8 60. Rc1 Rb7+ 61. Kc4 Qe2+ 62. Kd5 Qf3+ 63. Kc4 Qe2+ 64.
Kd5 Qf3+ 1/2-1/2

[Event "GEO 68 Ch"]
[Site "?"]
[Date "2009.01.17"]
[Round "1.7"]
[White "Pantsulaia, Levan"]
[Black "Nigalidze, Gaioz"]
[Result "1-0"]
[WhiteElo "2583"]
[BlackElo "2458"]
[PlyCount "83"]
[EventDate "2009.??.??"]

1. Nf3 c5 2. c4 Nc6 3. Nc3 e5 4. d3 Nge7 5. g3 d6 6. Bg2 h6 7. a3 a5 8. O-O g6
9. Ne1 Bg7 10. Nc2 O-O 11. Rb1 b6 12. b4 axb4 13. axb4 Ra7 14. Bd2 Be6 15. b5
Nd4 16. Ne3 Ndf5 17. Nxf5 gxf5 18. Qb3 Qc7 19. Ra1 Rd8 20. Ra6 d5 21. cxd5 Bc8
22. Ra4 Rxa4 23. Nxa4 Bb7 24. e4 Nc8 25. Nb2 Nd6 26. Nc4 Ra8 27. Bc3 Nxc4 28.
dxc4 fxe4 29. Bxe4 Qd7 30. Re1 f5 31. Bg2 e4 32. Bh3 Re8 33. Bxg7 Kxg7 34. Qe3
Bc8 35. Qf4 Kg6 36. f3 Qg7 37. fxe4 Qd4+ 38. Kh1 Rxe4 39. Rxe4 Qd1+ 40. Kg2
Qc2+ 41. Kg1 Qb1+ 42. Kf2 1-0

[Event "GEO 68 Ch"]
[Site "?"]
[Date "2009.01.18"]
[Round "2.3"]
[White "Margvelashvili, Giorgi"]
[Black "Maghalashvili, Davit"]
[Result "1/2-1/2"]
[WhiteElo "2484"]
[BlackElo "2490"]
[PlyCount "88"]
[EventDate "2009.??.??"]

1. e4 c5 2. Nf3 d6 3. d4 cxd4 4. Nxd4 Nf6 5. Nc3 Nc6 6. Bc4 e6 7. Be3 a6 8. Bb3
Be7 9. f4 O-O 10. Qf3 Nxd4 11. Bxd4 b5 12. Bxf6 Bxf6 13. e5 Bh4+ 14. g3 Rb8 15.
O-O-O Be7 16. Rhe1 Qc7 17. exd6 Bxd6 18. f5 exf5 19. Nd5 Qc5 20. Qd3 Kh8 21.
Nf6 Be7 22. Nd7 Bxd7 23. Qxd7 Bf6 24. Qd5 Qf2 25. Qh1 f4 26. gxf4 Qxf4+ 27. Kb1
a5 28. Qe4 Qc7 29. Bd5 b4 30. Qf5 Qc8 31. Qf4 a4 32. Rd3 a3 33. b3 Rb5 34. Bc4
Rc5 35. Qd6 Bc3 36. Rf1 Rc6 37. Qe7 Rc7 38. Qh4 f5 39. Rg1 Rc6 40. Qe7 Re8 41.
Qf7 Rc7 42. Qg6 Rc6 43. Qf7 Rc7 44. Qg6 Rc6 1/2-1/2

[Event "GEO 68 Ch"]
[Site "?"]
[Date "2009.01.18"]
[Round "2.4"]
[White "Gagunashvili, Merab"]
[Black "Charkhalashvili, Inga"]
[Result "1/2-1/2"]
[WhiteElo "2585"]
[BlackElo "2337"]
[PlyCount "73"]
[EventDate "2009.??.??"]

1. Nf3 Nf6 2. c4 e6 3. Nc3 d5 4. d4 Be7 5. Bg5 h6 6. Bh4 c6 7. e3 Nbd7 8. Bd3
O-O 9. O-O b6 10. cxd5 cxd5 11. Rc1 Bb7 12. Nb5 a6 13. Nc7 Ra7 14. Qe2 Bd6 15.
Bg3 Nb8 16. Rc2 Bxg3 17. hxg3 Qd6 18. Rfc1 Nfd7 19. Rc3 b5 20. a4 b4 21. R3c2
Qb6 22. Ne5 Nxe5 23. dxe5 Bc6 24. Nxa6 Bxa4 25. Rc8 Nxa6 26. Bh7+ Kxh7 27. Rxf8
Nc5 28. Qh5 Bb5 29. g4 Bd3 30. g5 Bg6 31. Qh2 Nd7 32. Rfc8 Qa6 33. Qh4 h5 34.
Rd8 Qe2 35. Qd4 Rb7 36. f3 Nb6 37. b3 1/2-1/2

[Event "GEO 68 Ch"]
[Site "?"]
[Date "2009.01.18"]
[Round "2.5"]
[White "Bagaturov, Giorgi"]
[Black "Bregadze, Levan"]
[Result "1/2-1/2"]
[WhiteElo "2492"]
[BlackElo "2394"]
[PlyCount "40"]
[EventDate "2009.??.??"]

1. d4 d5 2. c4 c6 3. Nf3 Nf6 4. Nc3 a6 5. e3 b5 6. b3 Bf5 7. Bd3 Bxd3 8. Qxd3
Nbd7 9. O-O e6 10. Ne2 Bd6 11. Bb2 O-O 12. c5 Bc7 13. b4 Qb8 14. a4 Ne4 15.
axb5 Qxb5 16. Qxb5 axb5 17. Rfd1 f6 18. Nf4 Bxf4 19. exf4 Rfb8 20. Ne1 f5
1/2-1/2

[Event "GEO 68 Ch"]
[Site "?"]
[Date "2009.01.18"]
[Round "2.6"]
[White "Sanikidze, Tornike"]
[Black "Benidze, Davit"]
[Result "1-0"]
[WhiteElo "2522"]
[BlackElo "2483"]
[PlyCount "77"]
[EventDate "2009.??.??"]

1. d4 Nf6 2. c4 e6 3. Nf3 d5 4. Nc3 Be7 5. Bg5 O-O 6. e3 h6 7. Bh4 Ne4 8. Bxe7
Qxe7 9. Rc1 c6 10. Bd3 Nxc3 11. Rxc3 Nd7 12. O-O dxc4 13. Bxc4 e5 14. Bb3 Rd8
15. Re1 exd4 16. exd4 Qd6 17. Rce3 Nf8 18. Re8 Be6 19. R1xe6 fxe6 20. Bxe6+
Qxe6 21. Rxe6 Nxe6 22. Qb3 Rd5 23. Qxb7 Rad8 24. g3 Nxd4 25. Nxd4 Rxd4 26. Qxa7
Rd1+ 27. Kg2 R8d2 28. b4 Rb1 29. a3 Ra2 30. Qa8+ Kh7 31. Qxc6 Rb3 32. Qe4+ Kh8
33. a4 Rbb2 34. Qd4 Rd2 35. Qa7 Rdb2 36. b5 Kh7 37. Qd4 Rd2 38. Qe4+ Kh8 39.
Qf4 1-0

[Event "GEO 68 Ch"]
[Site "?"]
[Date "2009.01.18"]
[Round "2.7"]
[White "Nigalidze, Gaioz"]
[Black "Azaladze, Shota"]
[Result "0-1"]
[WhiteElo "2458"]
[BlackElo "2402"]
[PlyCount "60"]
[EventDate "2009.??.??"]

1. d4 d5 2. c4 c6 3. Nc3 Nf6 4. Nf3 a6 5. e3 g6 6. Be2 Bg7 7. O-O O-O 8. Ne5
Nbd7 9. f4 dxc4 10. Bxc4 c5 11. Qb3 e6 12. Nxf7 Rxf7 13. Bxe6 Qe7 14. d5 b5 15.
e4 c4 16. Qc2 Nc5 17. Bxf7+ Qxf7 18. Be3 Nd3 19. Rad1 Nxe4 20. Nxe4 Qe8 21. Bc5
Qxe4 22. Rfe1 Bd4+ 23. Kh1 Qxd5 24. Re8+ Kf7 25. Re7+ Kf6 26. Ba3 Bb7 27. Rd2
b4 28. Rxb7 Re8 29. h3 Re1+ 30. Kh2 Bg1+ 0-1

[Event "GEO 68 Ch"]
[Site "?"]
[Date "2009.01.19"]
[Round "3.2"]
[White "Maghalashvili, Davit"]
[Black "Arutinian, David"]
[Result "1/2-1/2"]
[WhiteElo "2490"]
[BlackElo "2586"]
[PlyCount "42"]
[EventDate "2009.??.??"]

1. d4 g6 2. Nf3 Bg7 3. g3 d6 4. Bg2 Nf6 5. O-O O-O 6. Re1 Nbd7 7. e4 e5 8. dxe5
Nxe5 9. Nxe5 dxe5 10. Qxd8 Rxd8 11. Nd2 Be6 12. Nf3 Ne8 13. b3 Nd6 14. Bb2 f6
15. a4 c5 16. Bf1 c4 17. b4 Bf8 18. Bc3 b5 19. a5 Bc8 20. Bg2 Bb7 21. Nd2 Ne8
1/2-1/2

[Event "GEO 68 Ch"]
[Site "?"]
[Date "2009.01.19"]
[Round "3.3"]
[White "Charkhalashvili, Inga"]
[Black "Margvelashvili, Giorgi"]
[Result "1/2-1/2"]
[WhiteElo "2337"]
[BlackElo "2484"]
[PlyCount "216"]
[EventDate "2009.??.??"]

1. d4 Nf6 2. Nf3 e6 3. c4 c5 4. g3 cxd4 5. Nxd4 a6 6. Bg2 Qc7 7. b3 Bb4+ 8. Bd2
Be7 9. O-O Nc6 10. Bc3 O-O 11. Nd2 Nxd4 12. Bxd4 d6 13. Rc1 Bd7 14. Qc2 Bc6 15.
Ne4 Ne8 16. Bb2 b6 17. Nd2 Bxg2 18. Kxg2 Nf6 19. Rfd1 Rfc8 20. Qd3 Qb8 21. Rc2
Ra7 22. Rdc1 h6 23. Kg1 Ne8 24. Nf3 Rac7 25. Nd4 Bg5 26. Rd1 Bf6 27. Rcd2 Bg5
28. e3 Qb7 29. Qe2 Be7 30. Qf3 Qb8 31. e4 Qb7 32. Re2 Rd8 33. Qd3 Nf6 34. Nf3
b5 35. cxb5 axb5 36. Bxf6 Bxf6 37. Nd4 Rc5 38. Qd2 Re5 39. Qd3 Rc5 40. Qd2 Rdc8
41. Qb4 d5 42. e5 Be7 43. Qd2 b4 44. Kg2 Qb6 45. Qd3 Rc3 46. Qb5 Qc7 47. Ree1
Re8 48. Qe2 Qb6 49. Rd2 Bg5 50. f4 Be7 51. Red1 Bc5 52. Kh3 g6 53. Nf3 Kg7 54.
Kg2 Qb7 55. Kh3 Bb6 56. Kg4 Rec8 57. Kh3 R8c7 58. Kg4 Re3 59. Qf1 Rcc3 60. Ne1
h5+ 61. Kh3 Qe7 62. Rd3 Rexd3 63. Rxd3 Rc1 64. Qe2 Qc5 65. Rd2 Qc3 66. Nd3 Rh1
67. Nf2 Rg1 68. Rc2 Qa1 69. Nd3 Qd4 70. Rc1 Rxc1 71. Nxc1 Qc3 72. Nd3 Bd8 73.
Kg2 Be7 74. h4 Bd8 75. Qd1 Bb6 76. Kf3 Qd4 77. Kg2 Qe4+ 78. Qf3 Qd4 79. Qe2
Qg1+ 80. Kf3 Qh1+ 81. Qg2 Qa1 82. Qe2 Qc3 83. Kg2 Ba7 84. Kf3 Kf8 85. Kg2 Ke7
86. Kf3 Bd4 87. Kg2 Kd8 88. Kf3 Kc7 89. Kg2 Kb6 90. Kf3 Ka5 91. Kg2 Ba7 92. Kf3
Qd4 93. Ne1 Qc3+ 94. Nd3 Qa1 95. Ne1 Qc1 96. Kg2 Bd4 97. Kf3 Bc3 98. Nd3 Qh1+
99. Qg2 Qb1 100. Qe2 Bd4 101. Kg2 Qa1 102. Kf3 Bb6 103. Kg2 Qc3 104. Kf3 Qd4
105. Ne1 Bc5 106. Nd3 Kb6 107. Ne1 Qc3+ 108. Nd3 Ka5 1/2-1/2

[Event "GEO 68 Ch"]
[Site "?"]
[Date "2009.01.19"]
[Round "3.4"]
[White "Bregadze, Levan"]
[Black "Gagunashvili, Merab"]
[Result "1/2-1/2"]
[WhiteElo "2394"]
[BlackElo "2585"]
[PlyCount "50"]
[EventDate "2009.??.??"]

1. d4 d6 2. c4 e5 3. dxe5 dxe5 4. Qxd8+ Kxd8 5. Nc3 Be6 6. b3 Nd7 7. Bb2 c6 8.
e3 f6 9. Bd3 Nh6 10. Nge2 Kc7 11. O-O a5 12. Na4 Nc5 13. Nxc5 Bxc5 14. Nc3 Rad8
15. Rfd1 Bg4 16. Be2 Bxe2 17. Nxe2 a4 18. Kf1 Nf7 19. Bc3 Rxd1+ 20. Rxd1 Ra8
21. Nc1 Bf8 22. Ke2 Ng5 23. Kd3 Ne6 24. Kc2 Be7 25. Bb2 axb3+ 1/2-1/2

[Event "GEO 68 Ch"]
[Site "?"]
[Date "2009.01.19"]
[Round "3.5"]
[White "Benidze, Davit"]
[Black "Bagaturov, Giorgi"]
[Result "1/2-1/2"]
[WhiteElo "2423"]
[BlackElo "2492"]
[PlyCount "70"]
[EventDate "2009.??.??"]

1. d4 d6 2. c4 g6 3. Nc3 Bg7 4. e4 Nf6 5. f3 O-O 6. Be3 a6 7. Qd2 c6 8. Bd3 b5
9. Nge2 bxc4 10. Bxc4 d5 11. Bb3 dxe4 12. fxe4 e5 13. d5 cxd5 14. Nxd5 Nc6 15.
Nxf6+ Bxf6 16. Bd5 Bb7 17. O-O Rb8 18. Rxf6 Qxf6 19. Bg5 Qh8 20. Rf1 h5 21. Bf6
Qh7 22. Ng3 Rfe8 23. Qg5 Kf8 24. Bxf7 Kxf7 25. Bxe5+ Kg8 26. Bxb8 Rxb8 27. Rf6
Ne7 28. Re6 Qg7 29. Rxe7 Qd4+ 30. Kf1 Qd3+ 31. Kf2 Bxe4 32. Rxe4 Rf8+ 33. Ke1
Qb1+ 34. Kd2 Qxb2+ 35. Kd1 Qb1+ 1/2-1/2

[Event "GEO 68 Ch"]
[Site "?"]
[Date "2009.01.19"]
[Round "3.6"]
[White "Azaladze, Shota"]
[Black "Sanikidze, Tornike"]
[Result "1/2-1/2"]
[WhiteElo "2402"]
[BlackElo "2522"]
[PlyCount "51"]
[EventDate "2009.??.??"]

1. g3 Nf6 2. Bg2 d5 3. Nf3 g6 4. O-O Bg7 5. d3 O-O 6. Nbd2 Nc6 7. c4 e5 8. cxd5
Nxd5 9. a3 b6 10. Nc4 Bb7 11. e4 Nde7 12. b4 b5 13. Na5 Nxa5 14. bxa5 c5 15.
Be3 c4 16. dxc4 bxc4 17. Bc5 Bf6 18. a6 Bxa6 19. Qa4 Qc8 20. Bxe7 Bxe7 21. Nxe5
Bf6 22. Nc6 Bb7 23. e5 Bxc6 24. Bxc6 Bxe5 25. Rfe1 Bc3 26. Bxa8 1/2-1/2

[Event "GEO 68 Ch"]
[Site "?"]
[Date "2009.01.20"]
[Round "4.2"]
[White "Mchedlishvili, Mikheil"]
[Black "Shanava, Konstantine"]
[Result "1-0"]
[WhiteElo "2619"]
[BlackElo "2508"]
[PlyCount "81"]
[EventDate "2009.??.??"]

1. Nf3 Nf6 2. c4 e6 3. g3 b6 4. Bg2 Bb7 5. O-O Be7 6. d4 O-O 7. d5 exd5 8. Nh4
Ne4 9. cxd5 Bxh4 10. Bxe4 Bf6 11. Nc3 Na6 12. Qc2 g6 13. Bg2 Bg7 14. h4 c5 15.
Bg5 Qb8 16. Qd2 Qe5 17. Bh6 d6 18. Bxg7 Qxg7 19. h5 f5 20. hxg6 hxg6 21. e4 Nc7
22. Rfe1 Rae8 23. exf5 gxf5 24. Ne2 Re5 25. Nf4 Rfe8 26. a4 Qh6 27. Rad1 R8e7
28. Rxe5 Rxe5 29. Re1 Qg7 30. Bf3 Ne8 31. Kg2 Rxe1 32. Qxe1 Qe5 33. Qh1 Qh8 34.
Bh5 Qe5 35. Bxe8 Qxe8 36. Qh4 Bc8 37. Qf6 Qf8 38. Qg6+ Qg7 39. Qxd6 Qf8 40. Qc6
Ba6 41. d6 1-0

[Event "GEO 68 Ch"]
[Site "?"]
[Date "2009.01.20"]
[Round "4.3"]
[White "Arutinian, David"]
[Black "Charkhalashvili, Inga"]
[Result "1-0"]
[WhiteElo "2586"]
[BlackElo "2337"]
[PlyCount "117"]
[EventDate "2009.??.??"]

1. d4 Nf6 2. c4 e6 3. Nf3 b6 4. Nc3 c5 5. d5 d6 6. e4 e5 7. h3 Be7 8. Bd3 Nbd7
9. Be3 a6 10. Nd2 h6 11. Qe2 Qc7 12. a3 Nf8 13. g3 g5 14. Nf1 Bd7 15. Bd2 Qc8
16. h4 gxh4 17. Rxh4 h5 18. Rh1 h4 19. Ne3 Bh3 20. Nf5 hxg3 21. fxg3 Bg4 22.
Rxh8 Bxe2 23. Bxe2 Qd7 24. Nxe7 Qxe7 25. Bg5 O-O-O 26. O-O-O N8d7 27. Rdh1 Kc7
28. Bg4 Re8 29. Bxd7 Qxd7 30. Bxf6 Rxh8 31. Rxh8 Qg4 32. Bd8+ Kb7 33. Be7 Qd7
34. Bh4 Qh3 35. Rh6 Qf1+ 36. Kc2 b5 37. cxb5 axb5 38. Rf6 Qc4 39. Rxf7+ Kc8 40.
Rf8+ Kb7 41. Rf7+ Ka8 42. Rc7 Qf1 43. Be7 b4 44. axb4 cxb4 45. Na4 Qe2+ 46. Kb3
Qd3+ 47. Kxb4 Qxe4+ 48. Ka3 Qd3+ 49. b3 Qd4 50. Bxd6 Qa1+ 51. Kb4 Qd4+ 52. Rc4
Qd2+ 53. Nc3 Qe3 54. g4 Qf2 55. Bxe5 Qe3 56. Re4 Qb6+ 57. Nb5 Qf2 58. Bf4 Kb7
59. Re7+ 1-0

[Event "GEO 68 Ch"]
[Site "?"]
[Date "2009.01.20"]
[Round "4.6"]
[White "Bagaturov, Giorgi"]
[Black "Azaladze, Shota"]
[Result "1/2-1/2"]
[WhiteElo "2492"]
[BlackElo "2402"]
[PlyCount "68"]
[EventDate "2009.??.??"]

1. d4 g6 2. Nf3 Bg7 3. c4 Nf6 4. Nc3 d6 5. g3 O-O 6. Bg2 c6 7. O-O Qa5 8. h3
Qa6 9. b3 b5 10. cxb5 cxb5 11. a4 b4 12. Nb5 Qa5 13. Ne1 d5 14. Bf4 Na6 15. Rc1
Bd7 16. Nc7 Rac8 17. Nxa6 Qxa6 18. Nd3 Qb6 19. Nc5 Bc6 20. Be5 Ne4 21. Bxg7
Kxg7 22. Nxe4 dxe4 23. d5 Bd7 24. Qd2 f5 25. h4 a5 26. Rfd1 Rxc1 27. Rxc1 Rc8
28. Rxc8 Bxc8 29. Bf1 Qc5 30. e3 Qc3 31. Qd1 Qe5 32. Qc2 Qc3 33. Qd1 Qe5 34.
Qc2 Qc3 1/2-1/2

[Event "GEO 68 Ch"]
[Site "?"]
[Date "2009.01.20"]
[Round "4.7"]
[White "Nigalidze, Gaioz"]
[Black "Sanikidze, Tornike"]
[Result "1-0"]
[WhiteElo "2456"]
[BlackElo "2522"]
[PlyCount "89"]
[EventDate "2009.??.??"]

1. d4 Nf6 2. c4 e6 3. Nf3 d5 4. cxd5 exd5 5. Nc3 Bb4 6. Bg5 h6 7. Bh4 g5 8. Bg3
Ne4 9. Qd3 c5 10. Nd2 Bf5 11. a3 Nc6 12. axb4 Nxb4 13. Qf3 Nc2+ 14. Kd1 Nxd4
15. Qe3 O-O 16. Ncxe4 dxe4 17. Qc3 Nb5 18. Qa5 Qd4 19. Kc1 e3 20. fxe3 Qd7 21.
e4 b6 22. Qa4 Rad8 23. Be1 Be6 24. e3 c4 25. Nb1 Qd6 26. Nc3 Nxc3 27. Bxc3 b5
28. Qc2 b4 29. Bd4 c3 30. Ra6 Qb8 31. Bd3 b3 32. Qf2 Rxd4 33. exd4 Qb4 34. d5
Bd7 35. Rf1 f5 36. Rg6+ Kf7 37. Rc6 cxb2+ 38. Kb1 Re8 39. Rc4 Qa5 40. Qxb2 Bb5
41. Rc3 Rb8 42. Bxb5 Qxb5 43. Rfc1 fxe4 44. Rc6 Qd3+ 45. Ka1 1-0

[Event "GEO 68 Ch"]
[Site "?"]
[Date "2009.01.21"]
[Round "5.1"]
[White "Charkhalashvili, Inga"]
[Black "Pantsulaia, Levan"]
[Result "0-1"]
[WhiteElo "2337"]
[BlackElo "2583"]
[PlyCount "68"]
[EventDate "2009.??.??"]

1. d4 Nf6 2. c4 c5 3. d5 e6 4. Nc3 exd5 5. cxd5 d6 6. e4 g6 7. h3 Bg7 8. Nf3
O-O 9. Bd3 a6 10. a4 Nbd7 11. O-O Re8 12. Re1 Qe7 13. a5 Ne5 14. Nxe5 Qxe5 15.
f4 Qe7 16. Be3 Rb8 17. Qc2 Nd7 18. Na4 b5 19. axb6 Nxb6 20. Nxb6 Rxb6 21. Ra2
Bb7 22. Re2 Rb4 23. e5 Bxd5 24. Rxa6 Qb7 25. Rxd6 c4 26. Rxd5 Qxd5 27. Be4 Qb5
28. Bd4 Ra4 29. Kh2 Bh6 30. Rf2 Bf8 31. Rd2 Ra1 32. b3 cxb3 33. Qc6 Qxc6 34.
Bxc6 Rd8 0-1

[Event "GEO 68 Ch"]
[Site "?"]
[Date "2009.01.21"]
[Round "5.3"]
[White "Bregadze, Levan"]
[Black "Arutinian, David"]
[Result "1-0"]
[WhiteElo "2394"]
[BlackElo "2586"]
[PlyCount "79"]
[EventDate "2009.??.??"]

1. e4 g6 2. Nc3 Bg7 3. g3 c5 4. Bg2 Nc6 5. Nge2 Rb8 6. O-O b5 7. d3 b4 8. Nd5
e6 9. Ne3 Nge7 10. f4 Nd4 11. e5 d5 12. exd6 Qxd6 13. Nc4 Qd8 14. Nxd4 cxd4 15.
f5 Nxf5 16. Bf4 Rb6 17. Nxb6 Qxb6 18. Qf3 Bd7 19. g4 Nh4 20. Qf2 Nxg2 21. Bc7
Qxc7 22. Qxf7+ Kd8 23. Qxg7 Re8 24. Qf6+ Kc8 25. Kxg2 Qxc2+ 26. Qf2 Qxd3 27.
Rac1+ Kb7 28. Qe1 Bc6+ 29. Kg1 Qb5 30. Rf7+ Ka8 31. Rc7 Bb7 32. R1c5 Qa6 33.
Qxb4 d3 34. Ra5 d2 35. Qxd2 Qb6+ 36. Rac5 Rf8 37. b4 e5 38. g5 Qe6 39. Qd7 Qa6
40. Qb5 1-0

[Event "GEO 68 Ch"]
[Site "?"]
[Date "2009.01.21"]
[Round "5.4"]
[White "Benidze, Davit"]
[Black "Margvelashvili, Giorgi"]
[Result "1/2-1/2"]
[WhiteElo "2423"]
[BlackElo "2484"]
[PlyCount "20"]
[EventDate "2009.??.??"]

1. d4 Nf6 2. Nf3 e6 3. g3 b6 4. Bg2 Bb7 5. O-O c5 6. c4 cxd4 7. Qxd4 Be7 8. Nc3
d6 9. Rd1 a6 10. b3 Nbd7 1/2-1/2

[Event "GEO 68 Ch"]
[Site "?"]
[Date "2009.01.21"]
[Round "5.5"]
[White "Azaladze, Shota"]
[Black "Gagunashvili, Merab"]
[Result "1/2-1/2"]
[WhiteElo "2402"]
[BlackElo "2585"]
[PlyCount "124"]
[EventDate "2009.??.??"]

1. g3 e5 2. Bg2 d5 3. c4 d4 4. d3 Nf6 5. Nf3 Nc6 6. O-O a5 7. Na3 Bc5 8. Nc2
O-O 9. a3 Re8 10. Bg5 h6 11. Bxf6 Qxf6 12. Nd2 Qe7 13. b3 Bg4 14. Re1 f5 15. h3
Bh5 16. Qb1 Qg5 17. Qc1 e4 18. dxe4 Bxe2 19. h4 Qg4 20. b4 axb4 21. Nb3 Ba7 22.
c5 Red8 23. axb4 fxe4 24. Ncxd4 Rxd4 25. b5 Bxb5 26. Nxd4 Nxd4 27. Qe3 Nf3+ 28.
Bxf3 exf3 29. Qb3+ Bc4 30. Qxb7 Rd8 31. Rxa7 Qh3 32. Qxf3 Bd5 33. Re8+ Rxe8 34.
Qxd5+ Kh7 35. Ra1 Qe6 36. Rd1 Qf6 37. Kg2 Re5 38. Qd3+ Qg6 39. Qxg6+ Kxg6 40.
Rc1 Kf5 41. Kf3 g5 42. Rc4 Re1 43. c6 Re5 44. h5 Re6 45. Rc5+ Kf6 46. Kg4 Re4+
47. f4 gxf4 48. Rf5+ Kg7 49. gxf4 Rc4 50. Rd5 Rxc6 51. Kf5 Rf6+ 52. Ke5 Rf7 53.
Rc5 Re7+ 54. Kf5 Rf7+ 55. Kg4 Kh7 56. f5 Rd7 57. Kf4 Kg7 58. Rc6 Rd6 59. Rxc7+
Kf6 60. Rh7 Rd4+ 61. Ke3 Rh4 62. Rxh6+ Kxf5 1/2-1/2

[Event "GEO 68 Ch"]
[Site "?"]
[Date "2009.01.21"]
[Round "5.7"]
[White "Shanava, Konstantine"]
[Black "Nigalidze, Gaioz"]
[Result "0-1"]
[WhiteElo "2508"]
[BlackElo "2456"]
[PlyCount "76"]
[EventDate "2009.??.??"]

1. e4 c5 2. Nc3 Nc6 3. g3 g6 4. Bg2 Bg7 5. d3 d6 6. h3 e6 7. Nge2 Nge7 8. O-O
O-O 9. a3 Rb8 10. Rb1 a5 11. Nb5 e5 12. f4 Be6 13. g4 exf4 14. Nxf4 Nd4 15. a4
Nec6 16. Be3 Nxb5 17. axb5 Bd4 18. Qd2 Bxe3+ 19. Qxe3 Nd4 20. c3 Nxb5 21. Rf3
Qg5 22. Rbf1 Rbe8 23. Qf2 Qe7 24. g5 Nc7 25. Qh4 Bd7 26. Qg3 Bc6 27. c4 Qe5 28.
h4 Qxb2 29. h5 Qd4+ 30. Kh1 a4 31. Qh4 a3 32. hxg6 fxg6 33. Bh3 a2 34. Qe1 Bxe4
35. dxe4 Rxe4 36. Be6+ Nxe6 37. Nxe6 Rxf3 38. Nxd4 Rxe1 0-1

[Event "GEO 68 Ch"]
[Site "?"]
[Date "2009.01.22"]
[Round "6.1"]
[White "Pantsulaia, Levan"]
[Black "Bregadze, Levan"]
[Result "0-1"]
[WhiteElo "2583"]
[BlackElo "2394"]
[PlyCount "76"]
[EventDate "2009.??.??"]

1. Nf3 Nf6 2. c4 c6 3. g3 d5 4. Bg2 e6 5. O-O Bd6 6. b3 O-O 7. Bb2 Nbd7 8. d3
Qe7 9. Nbd2 Rd8 10. Qc2 Nf8 11. d4 b6 12. e4 dxe4 13. Nxe4 Nxe4 14. Qxe4 Bb7
15. Ne5 Bxe5 16. Qxe5 Ng6 17. Qe3 Rd7 18. Qc3 Qf8 19. a4 Rad8 20. a5 c5 21.
Bxb7 Rxb7 22. dxc5 bxc5 23. a6 Rb6 24. Rfd1 Rdb8 25. Ra3 f6 26. Rd7 Ne5 27.
Rxa7 Qd6 28. Kg2 Rd8 29. f4 Qd1 30. fxe5 Rd2+ 31. Qxd2 Qxd2+ 32. Kh3 Qxb2 33.
Rb7 Qe2 34. Ra1 Rxa6 35. Rb8+ Kf7 36. Rb7+ Ke8 37. Rxa6 Qf1+ 38. Kh4 g5+ 0-1

[Event "GEO 68 Ch"]
[Site "?"]
[Date "2009.01.22"]
[Round "6.3"]
[White "Shanava, Konstantine"]
[Black "Maghalashvili, Davit"]
[Result "0-1"]
[WhiteElo "2508"]
[BlackElo "2490"]
[PlyCount "106"]
[EventDate "2009.??.??"]

1. e4 c5 2. Nf3 d6 3. d4 cxd4 4. Nxd4 Nf6 5. Nc3 a6 6. Bc4 e6 7. Bb3 Nc6 8. Be3
Be7 9. Qe2 Qc7 10. O-O-O Na5 11. g4 b5 12. g5 Nxb3+ 13. axb3 Nd7 14. Nf5 exf5
15. Nd5 Qd8 16. exf5 Bb7 17. f6 gxf6 18. gxf6 Bxd5 19. Rxd5 Nxf6 20. Rf5 Rg8
21. Bd4 Kf8 22. Qf3 Rg6 23. h4 h5 24. Kb1 Rc8 25. Re1 d5 26. c3 Rc6 27. b4 Qd7
28. Qf4 Qc7 29. Qf3 a5 30. Rfe5 Bd8 31. Qxh5 Qd7 32. Qh8+ Ng8 33. Re8+ Qxe8 34.
Bg7+ Rxg7 35. Rxe8+ Kxe8 36. Qxg7 Nf6 37. bxa5 Bxa5 38. Qh8+ Kd7 39. Qf8 Bd8
40. Qxf7+ Be7 41. h5 Rc8 42. h6 Rh8 43. Qg7 Rh7 44. Qg5 Ke6 45. Qe3+ Kf7 46.
Qb6 Rxh6 47. Qxb5 Rh4 48. f3 Rf4 49. Qd3 Bd6 50. Qe3 Nd7 51. Qd3 Ke6 52. Qe3+
Be5 53. Qe2 Kd6 0-1

[Event "GEO 68 Ch"]
[Site "?"]
[Date "2009.01.22"]
[Round "6.4"]
[White "Arutinian, David"]
[Black "Benidze, Davit"]
[Result "1/2-1/2"]
[WhiteElo "2586"]
[BlackElo "2423"]
[PlyCount "66"]
[EventDate "2009.??.??"]

1. d4 Nf6 2. c4 e6 3. Nf3 c6 4. Bg5 h6 5. Bh4 Qb6 6. Qc2 g5 7. Bg3 d6 8. e3 Nh5
9. Nc3 Nd7 10. Be2 Nxg3 11. hxg3 Bg7 12. O-O-O Nf6 13. Nd2 Qc7 14. f4 Bd7 15.
e4 O-O-O 16. e5 Ne8 17. Nde4 dxe5 18. dxe5 f6 19. Bh5 fxe5 20. fxg5 hxg5 21.
Bxe8 Bxe8 22. Rxd8+ Qxd8 23. Rd1 Qe7 24. Nd6+ Kb8 25. Nxe8 Rxe8 26. Ne4 Rd8 27.
Rxd8+ Qxd8 28. Qe2 Qd4 29. Kb1 g4 30. Kc2 a6 31. Kb3 Bh6 32. Kc2 Qg1 33. Nf6 e4
1/2-1/2

[Event "GEO 68 Ch"]
[Site "?"]
[Date "2009.01.22"]
[Round "6.5"]
[White "Margvelashvili, Giorgi"]
[Black "Azaladze, Shota"]
[Result "1-0"]
[WhiteElo "2484"]
[BlackElo "2402"]
[PlyCount "115"]
[EventDate "2009.??.??"]

1. d4 g6 2. c4 Bg7 3. e4 d6 4. Nc3 Nf6 5. Nf3 O-O 6. Be2 Bg4 7. Be3 Nfd7 8. Ng1
Bxe2 9. Ngxe2 c5 10. O-O Nc6 11. Rc1 a6 12. h3 e5 13. dxc5 dxc5 14. Qd5 Nd4 15.
Qxb7 Rb8 16. Qxa6 Rxb2 17. Ng3 Qb6 18. Qa3 Qb4 19. Qa7 Nb6 20. Nd5 Qa4 21. Qe7
Ne6 22. Qh4 Nxd5 23. cxd5 Nf4 24. Rxc5 Rxa2 25. Bxf4 exf4 26. Qxf4 Qd4 27. Rcc1
Be5 28. Qf3 Bxg3 29. Qxg3 Qxe4 30. Rcd1 Rd8 31. d6 Qe6 32. Rfe1 Re2 33. Rxe2
Qxe2 34. Rd4 Rd7 35. Qf4 Kg7 36. Kh2 Qe6 37. g3 Ra7 38. Rd2 Rd7 39. Kg2 h6 40.
Qd4+ Qf6 41. Qd5 Kg8 42. Rd3 Kg7 43. g4 Kg8 44. Kg3 Kh7 45. h4 Qa1 46. Kg2 Qa4
47. Rd4 Qc2 48. Rf4 Kg8 49. h5 g5 50. Re4 Qc8 51. Re7 Rxe7 52. dxe7 Qxg4+ 53.
Kf1 Qh3+ 54. Ke1 Qc3+ 55. Ke2 Qb2+ 56. Kf1 Qa1+ 57. Kg2 Qa4 58. Qd8+ 1-0